000 00720nam a2200205 u 4500
001 000740496
003 AM-YeHGA
005 20250617143351.0
008 100603s1969 ||| r 000 0 rus d
040 _aAM-YeHGA
041 1 _arus
_hgeo
100 1 _aГвасалия, Мосэ Виссарионович
245 1 0 _aСурами :
_bРоман /
_cМ.В. Гвасалия ; Пер. с груз. Г. Миндадзе.
260 _aМосква :
_bСоветский писатель,
_c1969.
300 _a210 с. :
_bил. ;
_c17 см.
650 1 4 _aГрузинская литература
_xРоман
700 1 _aМиндадзе, Галина
_eперев.
_4trl
942 _2udc
_cBK
090 _c275530
999 _c273887
_d273887